LEADER 00972nam a2200241 i 4500 001 000000057144 003 CaOOAMICUS 005 19970926000000.0 008 970926n it u000 u ita u 013 $a28316 020 $a8834338723 040 $aSeMil$bita 100 1 $aGuardini, Romano,$d<1885-1968>.$0(OLS)http://semarc/name/3002 245 13$aLe età della vita :$bloro significato educativo e morale. 490 0 $aSestante ;$v2 650 4$aVita umana - Concezione cristiana.$0(OLS)http://semarc/subject/11527 700 1 $aMelchiorre, Virgilio,$d<1931- >.$0(OLS)http://semarc/name/2878 830 0$aSestante ;$v2.$0(OLS)http://semarc/title/423058 850 $aSeMil 852 $aSeMil$W1$xVenegono$y1$m2C III 25$j23298$B23298$CSeMilBibl$Z2$F23300 $81 961 $aOmaggio: Donazione 996 $6020$a8834338723$9(OLS)http://semarc/number/32423 996 $6245$aLe età della vita :$bloro significato educativo e morale$9(OLS)http://semarc/title/88890 LEADER 01192nam a2200265 i 4500 001 000000132949 003 CaOOAMICUS 005 20041222000000.0 008 041222s1980 it u000 u ita u 013 $a105966 040 $aSeMil$bita 245 10$aSiracide :$b(ecclesiastico) /$cversione, introduzione, note di Antonino Minissale. 260 $aRoma :$bPaoline,$c1980. 300 $a248 p. ;$c18 cm. 490 0 $aNuovissima versione della Bibbia dai testi originali ;$v23 500 $aContiene : Bibliografia. - Fondo Card. C.M. Martini. 650 4$aBibbia. Antico Testamento. Siracide - Commentari, studi, critica, interpretazioni.$0(OLS)http://semarc/subject/12444 700 1 $aMinissale, Antonino .$0(OLS)http://semarc/name/15512 830 0$aNuovissima versione della Bibbia dai testi originali ;$v23.$0(OLS)http://semarc/title/16888 850 $aSeMil 852 $aSeMil$W1$xVenegono$y1$m2V I 183$j86836$B86836$CSeMilBibl$Z2$F91421 $81 941 1 $a4 961 $aOmaggio: Martini Card. Carlo Maria 996 $6245$aSiracide :$b(ecclesiastico)$9(OLS)http://semarc/title/195114 996 $6260$aRoma :$bPaoline$9(OLS)http://semarc/publisher/29686